Las radiaciones ionizantes en la mejora de plantas / (Record no. 145343)
[ view plain ]
| 000 -LEADER | |
|---|---|
| campo de control de longitud fija | 00999nam a2200265 4500 |
| 001 - NÚMERO DE CONTROL | |
| campo de control | 145343 |
| 003 - IDENTIFICADOR DE NÚMERO DE CONTROL | |
| campo de control | ES-MaACL |
| 005 - FECHA Y HORA DE LA ÚLTIMA TRANSACCIÓN | |
| campo de control | 20260210163247.0 |
| 007 - CAMPO FIJO DE DESCRIPCIÓN FÍSICA--INFORMACIÓN GENERAL | |
| campo de control de longitud fija | t| |
| 008 - DATOS DE LONGITUD FIJA--INFORMACIÓN GENERAL | |
| campo de control de longitud fija | 070214s1959 sp r ||||1| spa d |
| 080 ## - NÚMERO DE LA CLASIFICACIÓN DECIMAL UNIVERSAL | |
| Número de la Clasificación Decimal Universal | 631.548 |
| 100 1# - ENTRADA PRINCIPAL--NOMBRE DE PERSONA | |
| Nombre de persona | Sparrow, A. H. |
| 9 (RLIN) | 107648 |
| 245 14 - MENCIÓN DEL TÍTULO | |
| Título | Las radiaciones ionizantes en la mejora de plantas / |
| Mención de responsabilidad, etc. | A. H. Sparrow, C. F. Konzak ; versión española de C. Gómez Campo. |
| 260 ## - PUBLICACIÓN, DISTRIBUCIÓN, ETC. | |
| Lugar de publicación, distribución, etc. | Madrid : |
| Nombre del editor, distribuidor, etc. | [s. n.], |
| Fecha de publicación, distribución, etc. | 1959 ( |
| Fabricante | Tip. Artística) |
| 300 ## - DESCRIPCIÓN FÍSICA | |
| Extensión | 35 p., 1 lám. : |
| Otras características físicas | il. ; |
| Dimensiones | 24 cm. |
| 500 ## - NOTA GENERAL | |
| Nota general | Precede al tít.: Instituto Nacional de Investigaciones Agronómicas. |
| 650 ## - PUNTO DE ACCESO ADICIONAL DE MATERIA--TÉRMINO DE MATERIA | |
| Término de materia o nombre geográfico como elemento de entrada | Plantas- |
| Subdivisión general | Mejora genética. |
| 9 (RLIN) | 16115 |
| 650 #7 - PUNTO DE ACCESO ADICIONAL DE MATERIA--TÉRMINO DE MATERIA | |
| Término de materia o nombre geográfico como elemento de entrada | Radiación ionizante |
| Fuente del encabezamiento o término | embne |
| 9 (RLIN) | 145962 |
| 700 1# - ENTRADA AGREGADA--NOMBRE PERSONAL | |
| Nombre de persona | Konzak, C. F. |
| 9 (RLIN) | 68571 |
| 700 1# - ENTRADA AGREGADA--NOMBRE PERSONAL | |
| Nombre de persona | Gómez Campo, César. |
| 9 (RLIN) | 57853 |
| 710 ## - ENTRADA AGREGADA--NOMBRE DE ENTIDAD CORPORATIVA | |
| Nombre de entidad corporativa o nombre de jurisdicción como elemento de entrada | Instituto Nacional de Investigaciones Agronómicas |
| Sede del congreso/Lugar de la reunión | (España) |
| 9 (RLIN) | 219222 |
| 852 ## - LOCALIZACIÓN | |
| Ubicación | ES-MaACL |
| Número de control de estantería | 2018-F-6 |
| Sublocalización o colección | R.45525 |
| 852 ## - LOCALIZACIÓN | |
| Ubicación | ES-MaACL |
| Número de control de estantería | 2020-F-1 |
| Sublocalización o colección | R.46189 |
| Estatus retirado | Estado de pérdida | Estado de daño | No para préstamo | Colección | Biblioteca de origen | Biblioteca actual | Ubicación en estantería | Fecha de adquisición | Fuente de adquisición | Total de préstamos | Signatura topográfica completa | Código de barras | Visto por última vez | Precio de reemplazo | Tipo de ítem Koha |
|---|---|---|---|---|---|---|---|---|---|---|---|---|---|---|---|
| Colección de folletos | Biblioteca del Ateneo de Madrid | Biblioteca del Ateneo de Madrid | Depósito folletos | 17/01/2008 | 2018-F-6 | 1151714 | 23/02/2023 | 23/02/2023 | Folleto | ||||||
| Colección de folletos | Biblioteca del Ateneo de Madrid | Biblioteca del Ateneo de Madrid | Depósito folletos | 17/01/2008 | 2020-F-1 | 1151715 | 23/02/2023 | 23/02/2023 | Folleto |
